00954nam a2200229 a 4500008004100000020003200041040002500073041001300098044001100111080002400122100003500146245011500181250001300296260004900309300003300358500016800391700002300559700002400582958000600606999001700612952009500629951213s1984||||[C 0 slo c c16 Kčs. q(18000 výtl.) aSNKbslocSNKeAACR21 aslohrus axocSK a947"1912/1913"(082)1 aLenin, Vladimir Iľjič4aut10aZobrané spisy. /Zv./ 22bJúl 1912 - február 1913cVladimir Iľjič Lenin ; Ján Žigo, Oto Takáč a2., vyd. aBratislavabPravdac1984eBratislavafPravda a719 s., 31,17 AHbTb.c21 cm aLit. 120. Pozn. Zozn. nenájdených prác V.I. Lenina. Reg. lit. prác a prameňov a men. Životopisné údaje. Faksim. rkp. 120 zázn. v slov. a češ.1 aŽigo, Ján4trl1 aTakáč, Oto4bkd aA c15443d15443 011040708Ka10000b10000d2019-11-29g16.00i14468oK 021r2019-11-29w2019-11-29yOLDO